| 000 | 00581nam a2200193 a 4500 | ||
|---|---|---|---|
| 001 | 000017252 | ||
| 005 | 20240412074246.0 | ||
| 008 | 100322s19uu dr 001 p spa d | ||
| 040 |
_aDO-SdBNP _bspa _cBNPHU |
||
| 082 |
_aRD861.44 _bM385s |
||
| 100 | 1 |
_aMartínez, Nelsón José _937915 |
|
| 245 | 1 | 0 |
_aSustancias de la vida / _cNelsón José Martínez. |
| 260 |
_a[s.l : _bs.n., _c199?]. |
||
| 300 |
_a56 p. ; _c21 cm. |
||
| 590 | _aInventariado, 2018/LP | ||
| 650 | 0 |
_aPoesía dominicana _966 |
|
| 650 | 0 |
_aLiteratura dominicana. _967 |
|
| 910 | _aValidado. Control de calidad EMS | ||
| 999 |
_c16777 _d16777 |
||